Countries you can fly to from Marseille Airport (MRS) - Statistics

General Stats
  • This quiz has been taken 13 times
  • The average score is 34 of 36
Answers on the Map
Answers color-coded by a green-red scale on the quiz's map according to % correct below.
 
Answer Stats
Number of destinations Country % Correct
9 Algeria
100%
1 Austria
100%
2 Belgium
100%
3 Croatia
100%
1 Czechia
100%
1 Denmark
100%
2 Egypt
100%
20 France
100%
5 Germany
100%
5 Greece
100%
1 Hungary
100%
1 Ireland
100%
1 Israel
100%
12 Italy
100%
1 Jordan
100%
11 Morocco
100%
1 Netherlands
100%
2 Poland
100%
4 Portugal
100%
1 Romania
100%
13 Spain
100%
1 Sweden
100%
1 Switzerland
100%
3 Tunisia
100%
3 Turkey
100%
6 United Kingdom
100%
1 Albania
89%
1 Armenia
89%
1 Luxembourg
89%
2 Saudi Arabia
89%
2 Canada
78%
1 China
78%
1 Ethiopia
78%
1 Lebanon
78%
1 Malta
78%
2 Cape Verde
67%
No matching quizzes found
Score Distribution
Percent of People with Each Score
Percentile by Number Answered
Your Score History
You have not taken this quiz